00297 a2200133 450000100060000002000150000604000240002110000180004524000270006324500220009030000110011236200090012365000310013244364 a858648556X cAnchieta - Aquarius aCalmon, Edson10aUm livro do livrolpor10aUm livro do livro a[32p.]0 a1998 4aLiteratura infanto-juvenil